[Event "POL-ch Universities"]
[Site "Bydgoszcz"]
[Date "2023.03.10"]
[Round "2"]
[White "Piekielny, Pawel"]
[Black "Poziomkowski, Szymon"]
[Result "1-0"]
[WhiteElo "2232"]
[BlackElo "1880"]
[PlyCount "93"]
[EventDate "2023.03.10"]
[EventType "swiss"]
[EventRounds "9"]
[EventCountry "POL"]
[SourceTitle "CBM 213 Extra"]
[Source "ChessBase"]
[SourceDate "2023.05.31"]
[SourceVersion "1"]
[SourceVersionDate "2023.05.31"]
[SourceQuality "1"]

1. e4 e5 2. Nf3 Nf6 3. Nxe5 d6 4. Nf3 Nxe4 5. Bd3 Nf6 6. 0-0 Be7 7. c3 0-0 8. Bc2 d5 9. d4 Bg4 10. Re1 Bd6 11. Bg5 Nbd7 12. Nbd2 c6 13. Qb1 Qc7 14. h3 Bh5 15. Bxf6 Nxf6 16. Ne5 Bg6 17. Bxg6 fxg6 18. Qd1 Rae8 19. Ng4 Ne4 20. Nxe4 dxe4 21. Qb3+ Kh8 22. Re2 h5 23. Ne3 Rf4 24. Rae1 Qe7 25. Nc4 Bb8 26. Nd2 Qd6 27. Nf1 b6 28. f3 Qd5 29. Qxd5 cxd5 30. fxe4 Rfxe4 31. Rxe4 dxe4 32. Kf2 Bf4 33. Ke2 Kg8 34. Ne3 Bxe3 35. Kxe3 Kf7 36. Kf4 Kf6 37. Rxe4 g5+ 38. Ke3 Rd8 39. c4 Kf7 40. d5 Kf6 41. Kd4 g6 42. b4 Kf5 43. g4+ hxg4 44. hxg4+ Kf6 45. c5 bxc5+ 46. bxc5 Kf7 47. d6 1-0

[Event "POL-chT U20 2nd League"]
[Site "Szczyrk"]
[Date "2017.07.26"]
[Round "7.37"]
[White "Poziomkowski, Szymon"]
[Black "Binkowski, Tomasz"]
[Result "1-0"]
[WhiteElo "1745"]
[BlackElo "1227"]
[PlyCount "45"]
[EventDate "2017.07.22"]
[EventType "team-swiss"]
[EventRounds "11"]
[EventCountry "POL"]
[SourceTitle "EXT 2019"]
[Source "ChessBase"]
[SourceDate "2018.10.10"]
[SourceVersion "1"]
[SourceVersionDate "2018.10.10"]
[SourceQuality "1"]

1. e4 e5 2. Nf3 Nc6 3. Nc3 Nf6 4. d4 exd4 5. Nxd4 Bb4 6. Nxc6 Bxc3+ 7. bxc3 bxc6 8. Bd3 0-0 9. 0-0 h6 10. e5 Nd5 11. Qh5 Ne7 12. f4 f5 13. exf6 Rxf6 14. Be3 Qf8 15. Bd4 Rf7 16. f5 d6 17. f6 gxf6 18. Be3 Qg7 19. Bxh6 Qg4 20. Bh7+ Kxh7 21. Qxf7+ Kxh6 22. Qxe7 Bf5 23. Qxf6+ 1-0

[Event "POL-chT U20 2nd League"]
[Site "Szczyrk"]
[Date "2017.07.25"]
[Round "5.37"]
[White "Poziomkowski, Szymon"]
[Black "Klepek, Witold"]
[Result "0-1"]
[WhiteElo "1745"]
[BlackElo "2104"]
[PlyCount "60"]
[EventDate "2017.07.22"]
[EventType "team-swiss"]
[EventRounds "11"]
[EventCountry "POL"]
[SourceTitle "EXT 2019"]
[Source "ChessBase"]
[SourceDate "2018.10.10"]
[SourceVersion "1"]
[SourceVersionDate "2018.10.10"]
[SourceQuality "1"]

1. e4 e6 2. d4 d5 3. Nd2 c5 4. exd5 Qxd5 5. Ngf3 cxd4 6. Bc4 Qd6 7. 0-0 Nf6 8. Nb3 Nc6 9. Nbxd4 Nxd4 10. Nxd4 a6 11. Be3 Qc7 12. Bb3 Bd6 13. h3 0-0 14. Qf3 e5 15. Nf5 e4 16. Nh6+ Kh8 17. Qe2 gxh6 18. Bxh6 Rg8 19. Kh1 Rg6 20. Qd2 Be6 21. Rad1 Be5 22. Bxe6 fxe6 23. g3 Bxb2 24. Bf4 Be5 25. Bxe5 Qxe5 26. Qb4 Qf5 27. Kh2 Rh6 28. h4 Rg8 29. Qd2 Rxh4+ 30. gxh4 Ng4+ 0-1

[Event "POL Olympiad U14"]
[Site "Drzonkow"]
[Date "2017.04.07"]
[Round "8"]
[White "Sanz Wawer, Daniel"]
[Black "Poziomkowski, Szymon"]
[Result "1/2-1/2"]
[WhiteElo "2186"]
[BlackElo "1670"]
[PlyCount "79"]
[EventDate "2017.04.02"]
[EventType "swiss"]
[EventRounds "9"]
[EventCountry "POL"]
[SourceTitle "EXT 2020"]
[Source "ChessBase"]
[SourceDate "2019.10.17"]
[SourceVersion "1"]
[SourceVersionDate "2019.10.17"]
[SourceQuality "1"]

1. d4 Nf6 2. c4 e6 3. Nc3 Bb4 4. e3 c5 5. Bd3 0-0 6. Nf3 b6 7. 0-0 Bb7 8. Bd2 cxd4 9. exd4 Be7 10. Bg5 d5 11. Bxf6 Bxf6 12. cxd5 exd5 13. Re1 Nc6 14. Bc2 Qd6 15. Rc1 Rfe8 16. Rxe8+ Rxe8 17. Bb3 Na5 18. Bc2 g6 19. b3 Ba6 20. Bd3 Bxd3 21. Qxd3 Kg7 22. g3 Rc8 23. Kg2 Nc6 24. Qa6 Rd8 25. Ne2 Qd7 26. a3 Nb8 27. Qd3 Nc6 28. Qb5 Ne7 29. Qxd7 Rxd7 30. g4 Kf8 31. Nf4 Ke8 32. Nd3 h6 33. Nfe5 Rb7 34. Rc2 Bxe5 35. Nxe5 f6 36. Nf3 Kd7 37. Kf1 Rc7 38. Rxc7+ Kxc7 39. Ke2 Kd6 40. Ke3 1/2-1/2

[Event "POL Olympiad U14"]
[Site "Drzonkow"]
[Date "2017.04.06"]
[Round "7"]
[White "Szczurek, Krzysztof"]
[Black "Poziomkowski, Szymon"]
[Result "1-0"]
[WhiteElo "1981"]
[BlackElo "1670"]
[PlyCount "71"]
[EventDate "2017.04.02"]
[EventType "swiss"]
[EventRounds "9"]
[EventCountry "POL"]
[SourceTitle "EXT 2020"]
[Source "ChessBase"]
[SourceDate "2019.10.17"]
[SourceVersion "1"]
[SourceVersionDate "2019.10.17"]
[SourceQuality "1"]

1. e4 c5 2. c3 d5 3. exd5 Qxd5 4. d4 Nf6 5. Nf3 e6 6. Bd3 Be7 7. 0-0 0-0 8. Be3 cxd4 9. cxd4 Nc6 10. Nc3 Qd6 11. a3 b6 12. Rc1 Bb7 13. Qd2 Rac8 14. Rfd1 Rfd8 15. Bb1 Na5 16. Bf4 Qd7 17. Ne5 Qe8 18. Ba2 Nc6 19. Nf3 Rd7 20. Qe2 Qd8 21. Be3 h6 22. h3 Bf8 23. Rc2 Ne7 24. Ne5 Rdc7 25. Bb1 Ned5 26. Nxd5 Bxd5 27. Rxc7 Rxc7 28. Bd3 Qc8 29. Bf4 Bd6 30. Re1 Qd8 31. Qe3 Qe7 32. Bb1 g5 33. Bh2 Nh5 34. Ng4 Bxh2+ 35. Kxh2 Nf4 36. Qe5 1-0

[Event "Warsaw YMCA Spring-B 168th"]
[Site "Warsaw"]
[Date "2016.06.21"]
[Round "12"]
[White "Chomiuk, Lukasz"]
[Black "Poziomkowski, Szymon"]
[Result "0-1"]
[WhiteElo "1828"]
[BlackElo "1726"]
[PlyCount "150"]
[EventDate "2016.04.07"]
[EventType "tourn"]
[EventRounds "13"]
[EventCountry "POL"]
[SourceTitle "EXT 2019"]
[Source "ChessBase"]
[SourceDate "2018.10.10"]
[SourceVersion "1"]
[SourceVersionDate "2018.10.10"]
[SourceQuality "1"]

1. Nf3 Nf6 2. d4 b6 3. Bf4 Bb7 4. e3 e6 5. Nbd2 c5 6. c3 Be7 7. Bxb8 Rxb8 8. Qa4 a5 9. Bb5 0-0 10. 0-0 d6 11. dxc5 dxc5 12. e4 Qc7 13. e5 Nd5 14. Rfe1 Rfd8 15. Rad1 Bf8 16. Qg4 Ne7 17. Ne4 Ng6 18. Rxd8 Rxd8 19. Neg5 Be7 20. h4 Nf8 21. h5 h6 22. Ne4 Nh7 23. Ba4 Ba6 24. Bc2 Bd3 25. Bxd3 Rxd3 26. c4 Qd7 27. Nc3 Ng5 28. Nxg5 Bxg5 29. Nb5 Rd2 30. Re2 Rd1+ 31. Kh2 Qd3 32. Nc3 Rf1 33. Qe4 Qd4 34. Kg3 Rh1 35. f4 Bh4+ 36. Kg4 Qg1 37. Qe3 Qa1 38. g3 Be7 39. Qf3 g6 40. Qa8+ Kg7 41. hxg6 Qf1 42. Rf2 Qh3+ 43. Kf3 Rg1 44. Ke2 Rxg3 45. gxf7 Re3+ 46. Kd2 Kxf7 47. Ne2 Rd3+ 48. Kc2 Qe3 49. Nc1 Rd4 50. Rf1 Rxc4+ 51. Kb1 Qd2 52. b3 Rc2 53. Rg1 Rb2+ 54. Ka1 Rxa2+ 55. Nxa2 Qd4+ 56. Kb1 Qxg1+ 57. Nc1 Qe3 58. Qh8 Qxf4 59. Qh7+ Ke8 60. Nd3 Qf1+ 61. Kc2 Qe2+ 62. Kb1 Kd7 63. Qg6 Qf1+ 64. Kc2 Qe2+ 65. Kb1 h5 66. Nc1 Qxe5 67. Nd3 Qf5 68. Qg3 h4 69. Qe3 h3 70. Ka2 h2 71. Ne5+ Kc8 72. Nc6 Qc2+ 73. Ka3 h1Q 74. Qxe6+ Kc7 75. Qxe7+ Kxc6 0-1

[Event "Warsaw YMCA Spring-B 168th"]
[Site "Warsaw"]
[Date "2016.06.17"]
[Round "11"]
[White "Poziomkowski, Szymon"]
[Black "Moskwinski, Marek"]
[Result "1/2-1/2"]
[WhiteElo "1726"]
[BlackElo "1812"]
[PlyCount "213"]
[EventDate "2016.04.07"]
[EventType "tourn"]
[EventRounds "13"]
[EventCountry "POL"]
[SourceTitle "EXT 2019"]
[Source "ChessBase"]
[SourceDate "2018.10.10"]
[SourceVersion "1"]
[SourceVersionDate "2018.10.10"]
[SourceQuality "1"]

1. e4 e6 2. d4 d5 3. Nd2 dxe4 4. Nxe4 Nd7 5. Nf3 Ngf6 6. Bg5 Be7 7. Nxf6+ Bxf6 8. Bxf6 Nxf6 9. Bd3 b6 10. Ne5 0-0 11. Qd2 Bb7 12. 0-0-0 Ne4 13. Qe3 Qg5 14. Qxg5 Nxg5 15. f3 f6 16. h4 Nf7 17. Nxf7 Rxf7 18. Rhe1 Re7 19. Bc4 Kf7 20. d5 Bxd5 21. Bxd5 exd5 22. Rxe7+ Kxe7 23. Rxd5 c6 24. Rd3 Rd8 25. Rxd8 Kxd8 26. Kd2 Kd7 27. Ke3 Ke6 28. Ke4 f5+ 29. Kf4 Kf6 30. g4 g6 31. g5+ Ke6 32. Ke3 Kd5 33. Kd3 b5 34. b3 b4 35. Ke3 c5 36. Kd3 f4 37. c3 a5 38. cxb4 axb4 39. Kc2 c4 40. bxc4+ Kxc4 41. Kb2 Kd3 42. Kb3 Ke3 43. Kxb4 Kxf3 44. a4 Kg4 45. a5 f3 46. a6 f2 47. a7 f1Q 48. a8Q Qf4+ 49. Kb5 Qf1+ 50. Kc5 Qf2+ 51. Kd6 Qxh4 52. Ke6 Kxg5 53. Qd8+ Kh5 54. Qd5+ g5 55. Kf7 Qf2+ 56. Kg8 h6 57. Qh1+ Qh4 58. Qf3+ Qg4 59. Qh1+ Kg6 60. Qc6+ Kf5 61. Qd7+ Kf4 62. Qd4+ Kg3 63. Qg1+ Kh4 64. Qe1+ Qg3 65. Qh1+ Kg4 66. Qe4+ Qf4 67. Qe6+ Kf3 68. Qh3+ Kf2 69. Qxh6 Qc4+ 70. Kg7 g4 71. Qh2+ Kf3 72. Qh1+ Ke3 73. Qg1+ Kd3 74. Qd1+ Kc3 75. Qe1+ Kb3 76. Qd1+ Kb4 77. Qb1+ Ka3 78. Qa1+ Kb4 79. Qb2+ Ka4 80. Qa1+ Kb5 81. Qe5+ Kc6 82. Qe8+ Kd6 83. Qd8+ Ke5 84. Qg5+ Ke6 85. Qf6+ Kd7 86. Qf5+ Qe6 87. Qb5+ Ke7 88. Qc5+ Ke8 89. Qh5+ Kd7 90. Qb5+ Kd6 91. Qb4+ Ke5 92. Qe1+ Kf5 93. Qf2+ Ke4 94. Qe2+ Kd5 95. Qb5+ Kd4 96. Qb2+ Ke3 97. Qc3+ Kf2 98. Qd4+ Kf3 99. Qd1+ Qe2 100. Qh1+ Kg3 101. Qg1+ Kh3 102. Qh1+ Qh2 103. Qf1+ Qg2 104. Qf5 Kh2 105. Qh7+ Kg1 106. Qb1+ Qf1 107. Qb6+ 1/2-1/2

[Event "Warsaw YMCA Spring-B 168th"]
[Site "Warsaw"]
[Date "2016.06.02"]
[Round "9"]
[White "Poziomkowski, Szymon"]
[Black "Staniak, Mariusz"]
[Result "1-0"]
[WhiteElo "1726"]
[BlackElo "1794"]
[PlyCount "101"]
[EventDate "2016.04.07"]
[EventType "tourn"]
[EventRounds "13"]
[EventCountry "POL"]
[SourceTitle "EXT 2019"]
[Source "ChessBase"]
[SourceDate "2018.10.10"]
[SourceVersion "1"]
[SourceVersionDate "2018.10.10"]
[SourceQuality "1"]

1. e4 e5 2. Nf3 Nf6 3. Nc3 Nc6 4. d4 exd4 5. Nxd4 Bb4 6. Nxc6 bxc6 7. Bd3 d5 8. exd5 cxd5 9. 0-0 0-0 10. Bg5 c6 11. Qf3 Be7 12. h3 Be6 13. Rfe1 Rb8 14. b3 Bb4 15. Bd2 Qd7 16. a3 Bd6 17. Ne2 Ne4 18. Bxe4 dxe4 19. Qxe4 Bf5 20. Qd4 c5 21. Qc3 Rfe8 22. Nf4 Be7 23. Nh5 f6 24. Bf4 Rbd8 25. Rad1 Qxd1 26. Rxd1 Rxd1+ 27. Kh2 Bg6 28. Ng3 Bd8 29. Be3 Bc7 30. b4 Bxg3+ 31. Kxg3 cxb4 32. axb4 Rd7 33. Qc6 Rde7 34. c4 Be4 35. Qd6 Re6 36. Qd4 f5 37. f3 Bc6 38. Bf2 a6 39. Qc5 Rg6+ 40. Kh2 f4 41. Qd4 Re2 42. b5 axb5 43. cxb5 Bxb5 44. Qd5+ Rge6 45. Qxb5 h6 46. Bd4 Kh7 47. h4 Rd2 48. Qf5+ Rg6 49. h5 Rdxg2+ 50. Kh1 R2g5 51. hxg6+ 1-0

[Event "Warsaw YMCA Spring-B 168th"]
[Site "Warsaw"]
[Date "2016.05.26"]
[Round "8"]
[White "Markiewicz, Michal"]
[Black "Poziomkowski, Szymon"]
[Result "1-0"]
[WhiteElo "1851"]
[BlackElo "1726"]
[PlyCount "61"]
[EventDate "2016.04.07"]
[EventType "tourn"]
[EventRounds "13"]
[EventCountry "POL"]
[SourceTitle "EXT 2019"]
[Source "ChessBase"]
[SourceDate "2018.10.10"]
[SourceVersion "1"]
[SourceVersionDate "2018.10.10"]
[SourceQuality "1"]

1. d4 Nf6 2. Nf3 e6 3. c4 Bb4+ 4. Bd2 Qe7 5. g3 Bxd2+ 6. Qxd2 d6 7. Bg2 e5 8. Nc3 c6 9. 0-0 0-0 10. d5 c5 11. Qc2 g6 12. Nd2 Nh5 13. e4 Qg5 14. Nb5 Qe7 15. f4 a6 16. Nc3 f5 17. fxe5 Qxe5 18. Rae1 Qd4+ 19. Kh1 Re8 20. e5 dxe5 21. Nf3 Qg4 22. Nxe5 Qg5 23. Nf3 Qd8 24. Rxe8+ Qxe8 25. Re1 Qf8 26. Qd2 Nd7 27. d6 Nb6 28. Re7 Nf6 29. Ne5 Rb8 30. Rf7 Qd8 31. Qh6 1-0

[Event "Warsaw YMCA Spring-B 168th"]
[Site "Warsaw"]
[Date "2016.04.29"]
[Round "4"]
[White "Baranska, Monika"]
[Black "Poziomkowski, Szymon"]
[Result "1-0"]
[WhiteElo "1786"]
[BlackElo "1726"]
[PlyCount "133"]
[EventDate "2016.04.07"]
[EventType "tourn"]
[EventRounds "13"]
[EventCountry "POL"]
[SourceTitle "EXT 2019"]
[Source "ChessBase"]
[SourceDate "2018.10.10"]
[SourceVersion "1"]
[SourceVersionDate "2018.10.10"]
[SourceQuality "1"]

1. d4 Nf6 2. c4 e6 3. Nc3 Bb4 4. Qc2 c5 5. e3 0-0 6. Nf3 cxd4 7. exd4 h6 8. Bd3 Nc6 9. 0-0 Re8 10. a3 Bf8 11. Re1 d6 12. b4 e5 13. dxe5 Nxe5 14. Nxe5 dxe5 15. Ne4 g6 16. Bb2 Bg7 17. Rad1 b6 18. Nxf6+ Qxf6 19. Be4 Rb8 20. Re3 Bb7 21. Rd7 Bxe4 22. Qxe4 Qe6 23. Rxa7 Rbd8 24. h3 Rc8 25. Rc3 Red8 26. Rc2 Qd6 27. Qf3 Qe6 28. Qe2 e4 29. Bxg7 Kxg7 30. c5 bxc5 31. bxc5 Rd3 32. Ra4 f5 33. Ra7+ Kg8 34. f3 Rcd8 35. c6 Qd6 36. Rd7 Rxd7 37. cxd7 Qxd7 38. fxe4 Qd4+ 39. Qf2 Qxf2+ 40. Rxf2 fxe4 41. Ra2 e3 42. Kf1 Kf7 43. Ke2 Rc3 44. a4 Ke6 45. a5 Kd5 46. a6 Rc8 47. a7 Ra8 48. Kxe3 g5 49. Ra5+ Ke6 50. Ke4 Ke7 51. Ke5 h5 52. Kf5 g4 53. h4 Kd6 54. Kg5 Ke6 55. Kxh5 g3 56. Kg4 Rg8+ 57. Kf4 Rf8+ 58. Kxg3 Rg8+ 59. Kf4 Rf8+ 60. Ke4 Ra8 61. h5 Kd6 62. h6 Kc6 63. h7 Re8+ 64. Kf5 Rf8+ 65. Kg6 Ra8 66. Kg7 Kb7 67. h8Q 1-0

[Event "Warsaw YMCA Spring-B 168th"]
[Site "Warsaw"]
[Date "2016.04.22"]
[Round "3"]
[White "Poziomkowski, Szymon"]
[Black "Kolodziejczyk, Andrzej"]
[Result "1/2-1/2"]
[WhiteElo "1726"]
[BlackElo "1766"]
[PlyCount "56"]
[EventDate "2016.04.07"]
[EventType "tourn"]
[EventRounds "13"]
[EventCountry "POL"]
[SourceTitle "EXT 2019"]
[Source "ChessBase"]
[SourceDate "2018.10.10"]
[SourceVersion "1"]
[SourceVersionDate "2018.10.10"]
[SourceQuality "1"]

1. e4 e5 2. Nf3 Nc6 3. Nc3 Nf6 4. d4 Bb4 5. Nxe5 Qe7 6. Qd3 Nxd4 7. Qxd4 c5 8. Qe3 Qxe5 9. Bd2 0-0 10. f4 Qd4 11. e5 Qxe3+ 12. Bxe3 Ne4 13. a3 Bxc3+ 14. bxc3 b6 15. c4 Bb7 16. 0-0-0 Rad8 17. Kb2 d6 18. Be2 f5 19. Bf3 Kf7 20. exd6 Ke6 21. Rhg1 Rxd6 22. Rxd6+ Nxd6 23. Bxb7 Nxb7 24. Bd2 Nd6 25. Kb3 Ne4 26. Bc3 Nxc3 27. Kxc3 Rd8 28. Re1+ Kf6 1/2-1/2

[Event "Warsaw YMCA Spring-B 168th"]
[Site "Warsaw"]
[Date "2016.04.19"]
[Round "1"]
[White "Poziomkowski, Szymon"]
[Black "Kwiatkowski, Andrzej"]
[Result "0-1"]
[WhiteElo "1726"]
[BlackElo "1701"]
[PlyCount "134"]
[EventDate "2016.04.07"]
[EventType "tourn"]
[EventRounds "13"]
[EventCountry "POL"]
[SourceTitle "EXT 2019"]
[Source "ChessBase"]
[SourceDate "2018.10.10"]
[SourceVersion "1"]
[SourceVersionDate "2018.10.10"]
[SourceQuality "1"]

1. e4 e5 2. Nf3 Nc6 3. Nc3 Nf6 4. d4 exd4 5. Nxd4 Nxe4 6. Nxc6 Nxc3 7. Nxd8 Nxd1 8. Nxf7 Nxf2 9. Nxh8 Nxh1 10. Be3 d5 11. Bd3 Bd6 12. Kd2 Be6 13. Bxh7 0-0-0 14. Ng6 d4 15. Bg5 Nf2 16. Bxd8 Kxd8 17. Nh4 Bxh2 18. Nf3 Bf4+ 19. Ke2 Be3 20. Ne5 Ke7 21. Nd3 Ng4 22. Nc5 Bc8 23. c3 dxc3 24. bxc3 Bxc5 25. Kf3 Nf6 26. Bd3 Be6 27. c4 Bd7 28. Re1+ Kf7 29. Kf4 Bb4 30. Re2 Bg4 31. Rb2 Bd6+ 32. Kg5 Bc8 33. Re2 Ba3 34. Re1 Bb4 35. Re2 b6 36. Bg6+ Kf8 37. Rb2 Bc5 38. Re2 Bg4 39. Rc2 a5 40. Kf4 a4 41. Rd2 Ke7 42. Bc2 g5+ 43. Ke5 Bd6+ 44. Kd4 Bf4 45. Rd3 Bf5 46. Bxa4 Bxd3 47. Kxd3 Kd6 48. Kd4 Be5+ 49. Kd3 Bg3 50. Kd4 Bf2+ 51. Kd3 Kc5 52. Bd1 Kd6 53. Ba4 Ke5 54. Bc6 Kf4 55. Ke2 Bc5 56. Kd3 Kg3 57. Ke2 Ng4 58. Kd3 Ne3 59. Ke4 Nxg2 60. Kf5 g4 61. Bxg2 Kxg2 62. Kxg4 Kf2 63. Kf4 Ke2 64. Ke4 Kd2 65. Kd5 Kc3 66. a4 Kb4 67. Kc6 Kxa4 0-1

[Event "Warsaw YMCA Winter-C 165th"]
[Site "Warsaw"]
[Date "2016.03.23"]
[Round "13"]
[White "Tychulski, Krzysztof"]
[Black "Poziomkowski, Szymon"]
[Result "1/2-1/2"]
[WhiteElo "1679"]
[BlackElo "1701"]
[PlyCount "33"]
[EventDate "2016.01.06"]
[EventType "tourn"]
[EventRounds "13"]
[EventCountry "POL"]
[SourceTitle "EXT 2019"]
[Source "ChessBase"]
[SourceDate "2018.10.10"]
[SourceVersion "1"]
[SourceVersionDate "2018.10.10"]
[SourceQuality "1"]

1. e4 c5 2. Nf3 a6 3. c4 e6 4. Nc3 Nc6 5. d4 cxd4 6. Nxd4 Nf6 7. Nxc6 bxc6 8. e5 Ng8 9. Bf4 Ne7 10. Bd3 Ng6 11. Bg3 Be7 12. 0-0 0-0 13. Qh5 Qa5 14. a3 f5 15. b4 Qc7 16. f4 a5 17. c5 1/2-1/2

[Event "Warsaw YMCA Winter-C 165th"]
[Site "Warsaw"]
[Date "2016.01.28"]
[Round "4"]
[White "Markiewicz, Michal"]
[Black "Poziomkowski, Szymon"]
[Result "1-0"]
[WhiteElo "1713"]
[BlackElo "1701"]
[PlyCount "65"]
[EventDate "2016.01.06"]
[EventType "tourn"]
[EventRounds "13"]
[EventCountry "POL"]
[SourceTitle "EXT 2019"]
[Source "ChessBase"]
[SourceDate "2018.10.10"]
[SourceVersion "1"]
[SourceVersionDate "2018.10.10"]
[SourceQuality "1"]

1. d4 Nf6 2. Nf3 e6 3. c4 b6 4. e3 Bb7 5. Bd3 c5 6. 0-0 Be7 7. Nc3 0-0 8. e4 cxd4 9. Nxd4 d5 10. cxd5 exd5 11. e5 Ne4 12. Qg4 Bc8 13. Nf5 Bxf5 14. Qxf5 g6 15. Qf3 Nxc3 16. bxc3 Nc6 17. Re1 Na5 18. Bh6 Qd7 19. Bxf8 Rxf8 20. Bc2 Rd8 21. Rad1 Qc6 22. Rd4 Bc5 23. Rf4 Qe6 24. Rf6 Qd7 25. e6 fxe6 26. Bxg6 Rf8 27. Rxf8+ Bxf8 28. Bh5 Bg7 29. Bg4 Qd8 30. Bxe6+ Kh8 31. Bf7 Bf8 32. Re8 Qd6 33. Bxd5 1-0

[Event "Warsaw YMCA Winter-C 165th"]
[Site "Warsaw"]
[Date "2016.01.06"]
[Round "1"]
[White "Poziomkowski, Szymon"]
[Black "Bartczak, Hanna"]
[Result "1-0"]
[WhiteElo "1701"]
[BlackElo "1509"]
[PlyCount "71"]
[EventDate "2016.01.06"]
[EventType "tourn"]
[EventRounds "13"]
[EventCountry "POL"]
[SourceTitle "EXT 2019"]
[Source "ChessBase"]
[SourceDate "2018.10.10"]
[SourceVersion "1"]
[SourceVersionDate "2018.10.10"]
[SourceQuality "1"]

1. e4 d6 2. d4 Nf6 3. Nc3 c6 4. Nf3 Nbd7 5. e5 dxe5 6. dxe5 Ng4 7. e6 fxe6 8. Ng5 Nde5 9. Qxd8+ Kxd8 10. h3 Nh6 11. Bf4 Nhf7 12. 0-0-0+ Ke8 13. Nxf7 Nxf7 14. Bc4 Nd6 15. Bb3 Rg8 16. Rhe1 Kf7 17. Ne4 Nxe4 18. Rxe4 g5 19. Bh2 Bh6 20. Kb1 b6 21. Rd3 Rg6 22. Rd8 Bb7 23. Rd7 Ba6 24. c4 Bg7 25. Bc2 Ke8 26. Rd2 h5 27. Re5 Rh6 28. Rxg5 Kf7 29. b3 Bf6 30. Rg3 Bb7 31. Be4 a5 32. a4 Rc8 33. Rf3 Ke8 34. Bf4 Rh8 35. Bg5 Kf7 36. Bxf6 1-0

[Event "EU-ch U12 25th"]
[Site "Porec"]
[Date "2015.09.27"]
[Round "6"]
[White "Poziomkowski, Szymon"]
[Black "Faybish, Nathaniel"]
[Result "1-0"]
[WhiteElo "1783"]
[BlackElo "1602"]
[PlyCount "45"]
[EventDate "2015.09.21"]
[EventType "swiss"]
[EventRounds "9"]
[EventCountry "CRO"]
[SourceTitle "EXT 2016"]
[Source "ChessBase"]
[SourceDate "2015.10.08"]
[SourceVersion "1"]
[SourceVersionDate "2015.10.08"]
[SourceQuality "1"]

1. e4 c5 2. Nf3 Nc6 3. c3 Nf6 4. e5 Nd5 5. d4 cxd4 6. cxd4 d6 7. Bc4 Nb6 8. Bb5 d5 9. Nc3 Bg4 10. Be2 e6 11. Bg5 Be7 12. Bxe7 Qxe7 13. 0-0 Bxf3 14. gxf3 Qb4 15. Nb5 0-0 16. a3 Qe7 17. Qd2 Qh4 18. Rad1 Nc8 19. f4 a6 20. Nc7 Ra7 21. f5 Qe7 22. f6 Qxc7 23. Qg5 1-0

[Event "POL-ch U12"]
[Site "Suwalki"]
[Date "2015.04.13"]
[Round "8.4"]
[White "Kopaczewski, Adam"]
[Black "Poziomkowski, Szymon"]
[Result "1-0"]
[WhiteElo "1802"]
[BlackElo "1647"]
[PlyCount "69"]
[EventDate "2015.04.08"]
[EventType "swiss"]
[EventRounds "9"]
[EventCountry "POL"]
[SourceTitle "EXT 2023"]
[Source "ChessBase"]
[SourceDate "2022.10.05"]
[SourceVersion "1"]
[SourceVersionDate "2022.10.05"]
[SourceQuality "1"]

1. e4 c5 2. Nf3 e6 3. c4 a6 4. Be2 Qc7 5. Nc3 d6 6. 0-0 Nf6 7. d4 cxd4 8. Nxd4 Be7 9. Be3 Nbd7 10. f4 b6 11. f5 Nc5 12. Bf3 e5 13. Nb3 Bb7 14. Nxc5 dxc5 15. Nd5 Nxd5 16. exd5 Qd6 17. Be4 0-0 18. Qh5 Qf6 19. g4 Qh4 20. Qxh4 Bxh4 21. g5 f6 22. g6 h6 23. b4 Bg5 24. Bxg5 hxg5 25. bxc5 bxc5 26. Rab1 Ra7 27. Rf3 a5 28. Rh3 Ba6 29. Rc3 a4 30. Rb6 Rc8 31. d6 Kf8 32. Bd5 Rd8 33. Rh3 Ke8 34. Rh8+ Kd7 35. Be6# 1-0

[Event "POL-ch U12"]
[Site "Suwalki"]
[Date "2015.04.12"]
[Round "7.5"]
[White "Poziomkowski, Szymon"]
[Black "Mike, Patryk"]
[Result "1-0"]
[WhiteElo "1647"]
[BlackElo "1583"]
[PlyCount "63"]
[EventDate "2015.04.08"]
[EventType "swiss"]
[EventRounds "9"]
[EventCountry "POL"]
[SourceTitle "EXT 2023"]
[Source "ChessBase"]
[SourceDate "2022.10.05"]
[SourceVersion "1"]
[SourceVersionDate "2022.10.05"]
[SourceQuality "1"]

1. e4 e5 2. Nf3 Nc6 3. Nc3 Nf6 4. d4 exd4 5. Nxd4 Bb4 6. Nxc6 bxc6 7. Bd3 d5 8. exd5 cxd5 9. 0-0 0-0 10. Bg5 c6 11. Qf3 Be7 12. h3 h6 13. Bf4 Be6 14. Rfe1 Bd6 15. Rad1 Re8 16. Ne2 Bxf4 17. Nxf4 Rb8 18. b3 Qb6 19. Nxe6 Rxe6 20. Rxe6 fxe6 21. Re1 Re8 22. Bg6 Re7 23. Qf4 c5 24. Re2 d4 25. Qf3 Nd5 26. Re5 Qd6 27. Qe4 Qc6 28. a3 a5 29. f4 Kf8 30. f5 exf5 31. Rxf5+ Kg8 32. Qxd5+ 1-0

[Event "POL-ch U12"]
[Site "Suwalki"]
[Date "2015.04.11"]
[Round "5.3"]
[White "Golenia, Wojciech"]
[Black "Poziomkowski, Szymon"]
[Result "1-0"]
[WhiteElo "1796"]
[BlackElo "1647"]
[PlyCount "79"]
[EventDate "2015.04.08"]
[EventType "swiss"]
[EventRounds "9"]
[EventCountry "POL"]
[SourceTitle "EXT 2023"]
[Source "ChessBase"]
[SourceDate "2022.10.05"]
[SourceVersion "1"]
[SourceVersionDate "2022.10.05"]
[SourceQuality "1"]

1. e4 c5 2. f4 e6 3. Nf3 d5 4. Bb5+ Bd7 5. Bxd7+ Qxd7 6. Ne5 Qd8 7. exd5 exd5 8. 0-0 Nf6 9. Qe2 Be7 10. Qb5+ Nbd7 11. Qxb7 Qc8 12. Qxc8+ Rxc8 13. Re1 Nb6 14. a4 d4 15. c4 0-0 16. a5 Na8 17. d3 Bd6 18. Nd2 Bxe5 19. fxe5 Rfe8 20. Nf3 Nd7 21. Bf4 Nc7 22. b4 Ne6 23. Bd2 cxb4 24. Bxb4 Ndc5 25. Bxc5 Nxc5 26. Ra3 f6 27. Nxd4 Rxe5 28. Rxe5 fxe5 29. Nf5 Rc7 30. Ne3 Rd7 31. Nd5 Rb7 32. a6 Rb2 33. Ne7+ Kf8 34. Nc8 Kf7 35. Nxa7 Rb6 36. Ra5 Nxd3 37. Nb5 Rb8 38. a7 Ra8 39. Nc7 Rd8 40. a8Q 1-0

[Event "POL-ch U12"]
[Site "Suwalki"]
[Date "2015.04.10"]
[Round "4.8"]
[White "Poziomkowski, Szymon"]
[Black "Kutylo, Konrad"]
[Result "1-0"]
[WhiteElo "1647"]
[BlackElo "1287"]
[PlyCount "71"]
[EventDate "2015.04.08"]
[EventType "swiss"]
[EventRounds "9"]
[EventCountry "POL"]
[SourceTitle "EXT 2023"]
[Source "ChessBase"]
[SourceDate "2022.10.05"]
[SourceVersion "1"]
[SourceVersionDate "2022.10.05"]
[SourceQuality "1"]

1. e4 e5 2. Nf3 Nc6 3. Nc3 Nf6 4. d4 exd4 5. Nxd4 Bc5 6. Be3 Bxd4 7. Bxd4 d6 8. Be2 Be6 9. Qd2 Qe7 10. 0-0-0 a6 11. f4 0-0-0 12. Bf3 Rhg8 13. h3 g6 14. g4 Kb8 15. Rhe1 Nxd4 16. Qxd4 c5 17. Qd2 Qc7 18. g5 Ne8 19. Nd5 Bxd5 20. Qxd5 Ng7 21. Bg4 Rge8 22. Qc4 Ne6 23. Bxe6 Rxe6 24. Qd5 Kc8 25. Qc4 Qc6 26. Rd5 Rde8 27. Qd3 Kc7 28. Rd1 b5 29. e5 dxe5 30. fxe5 R8e7 31. Rd6 Qe8 32. Qc3 Rxe5 33. Qa5+ Kb8 34. Qb6+ Kc8 35. Rd8+ Qxd8 36. Rxd8# 1-0